RuPaul's Drag Race Winners IN ORDER - Statistics

General Stats
  • This quiz has been taken 931 times
    20 since last reset
  • The average score is 67 of 81
Answer Stats
Answer % Correct
ALL STARS 2 Alaska
100%
USA 1 BeBe Zahara Benet
100%
USA 6 Bianca Del Rio
100%
USA 8 Bob The Drag Queen
100%
ALL STARS 1 Chad Michaels
100%
USA 12 Jaida Essence Hall
100%
USA 5 / ALL STARS 7 Jinkx Monsoon
100%
USA 3 Raja
100%
USA 9 Sasha Velour
100%
USA 4 Sharon Needles
100%
USA 2 Tyra Sanchez
100%
USA 7 Violet Chachki
100%
USA 10 Aquaria
94%
UK 2 Lawrence Chaney
94%
ALL STARS 4 Monét X Change
94%
USA 18 Myki Meeks
94%
ALL STARS 5 Shea Couleé
94%
USA 13 Symone
94%
UK 1 The Vivienne
94%
ALL STARS 4 Trinity The Tuck / Taylor
94%
ALL STARS 3 Trixie Mattel
94%
CANADA 6 Van Goth
94%
USA 11 Yvie Oddly
94%
UK 7 Bones
89%
HOLLAND 1 Envy Peru
89%
UK VTW 3 Gawdland
89%
CANADA 2 Icesis Couture
89%
UK 3 Krystal Versace
89%
ALL STARS 6 Kylie Sonique Love
89%
CANADA 1 Priyanka
89%
USA 14 Willow Pill
89%
UK VTW 1 Blu Hydrangea
83%
ESPAÑA 1 Carmen Farala
83%
CANADA 3 Gisèle Lullaby
83%
DOWN UNDER 1 Kita Mean
83%
CANADA VTW 2 Lemon
83%
HOLLAND 2 Vanessa Van Cartier
83%
GLOBAL 1 Alyssa Edwards
78%
ALL STARS 9 Angeria Paris VanMicheals
78%
SLAYSIAN 1 Brigiding
78%
BELGIQUE 1 Drag Couenne
78%
ITALIA 1 Elecktra Bionic
78%
ALL STARS 10 Ginger Minj
78%
ALL STARS 8 Jimbo
78%
FRANCE 2 Keiona
78%
ESPAÑA 4 Le Cocó
78%
FRANCE 3 Le Filip
78%
FRANCE AS1 Mami Watta
78%
USA 16 Nymphia Wind
78%
USA 17 Onya Nurve
78%
FRANCE 1 Paloma
78%
ESPAÑA 3 Pitita
78%
CANADA VTW 1 Ra'Jah O'Hara
78%
USA 15 Sasha Colby
78%
CANADA 5 The Virgo Queen
78%
UK VTW 2 Tia Kofi
78%
CANADA 4 Venus
78%
SVERIGE 1 Admira Thunderpussy
72%
BELGIQUE 2 Alvilda
72%
THAILAND 2 Angele Anang
72%
MEXICO 1 Cristian Peralta
72%
UK 4 Danny Beard
72%
ESPAÑA AS 1 Drag Sethlas
72%
UK 5 Ginger Johnson
72%
UK 6 Kyran Thrax
72%
ITALIA 2 La Diamond
72%
MEXICO 2 Leexa Fox
72%
ITALIA 3 Lina Galore
72%
PHILIPPINES 3 Maxie
72%
THAILAND 1 Natalia Pliacam
72%
BRASIL 1 Organzza
72%
GERMANY 1 Pandora Nox
72%
PHILIPPINES 1 Precious Paula Nicole
72%
ESPAÑA 5 Satín Greco
72%
ESPAÑA 2 Sharonne
72%
DOWN UNDER 2 Spankie Jackzon
72%
PHILIPPINES 2 Captivating Katkat
67%
DOWN UNDER 3 Isis Avis Loren
67%
DOWN UNDER 4 Lazy Susan
67%
BRASIL 2 Ruby Nox
67%
THAILAND 3 Frankie Wonga
61%
No matching quizzes found
Score Distribution
Percent of People with Each Score
Percentile by Number Answered
Your Score History
You have not taken this quiz since the last reset